01114nam a22003257a 45000010005000000030009000050050017000140070005000310080048000360200018000840400022001020920015001241000017001392400029001562450102001852600031002873000028003184900051003466500031003976500031004287000025004597000023004848300051005079420012005589450027005709520118005979560021007159560037007369990015007730074DO-SdBNP20180131131820.00074151008b sp 1992 xxu||||| |||| 00| 0 spa d a9788427241411 aBPMSUbspacBPMSU a813bS877m10aStone, G. H. aFatal error.lEspañol.10aMisterio del virus insidioso /cG. H. Stone; traducción Silvia Serra; ilustración R. Escolano aBarcelona :bMolino,c1992 a151 p. :bil. ;c21 cm.0 aAlfred Hitchcock y los tres investigadoresv11 4aNOVELA POLICÍACA INGLESA 4aLITERATURA JUVENIL INGLESA10aSerra, Silvia, etr.10aEscolano, R.,eil. aAlfred Hitchcock y los tres investigadoresn11 2ddccBK aInventariado, 2018/ YL 00102ddc40708CJ-GaBPMETbBPMETd2015-10-08eFundil0o813 S877mpBPMSU15100067r2015-10-08w2015-10-08yBK aBrenda Tavárez aValidado. Control de calidad MFF c8345d8345